000 00586nam a22001937a 4500
005 20221220160158.0
008 221220b ||||| |||| 00| 0 eng d
020 _a0883780496
040 _cAL
041 _aEnglish
082 _223
_a306.85
_bDIOC
100 _aCheikh Anta Diop
_967089
245 _aCultural Unity of Black Africa: The Domains of Patriarchy and of Matriarchy in Classical Antiquity
260 _aChicago
_bThird World Press
_c1990
300 _a235 p.
_bPB
_c21x14 cm.
650 _aBlack Africa
_967090
700 _aDIOP (Cheikh Anta)
_967091
942 _2ddc
_cDB
999 _c225971
_d225971